Top U.S. Public Universities - Statistics

General Stats
  • This quiz has been taken 65 times
  • The average score is 27 of 50
Answer Stats
# School % Correct
9 Berkeley
96%
7 Texas
91%
2 UCLA
91%
1 Michigan
89%
5 Florida
85%
17 Washington
85%
10 Georgia
83%
3 Virginia
83%
25 Penn State
81%
49 Alabama
74%
8 Illinois
74%
34 Indiana
74%
16 Ohio State
74%
12 Wisconsin
74%
35 Minnesota
70%
4 Georgia Tech
68%
6 UNC
68%
22 Maryland
66%
32 Oklahoma
64%
38 Iowa
62%
15 Texas A&M
62%
11 Florida State
60%
39 Michigan State
60%
36 South Carolina
57%
14 Virginia Tech
57%
44 Arizona State
55%
26 UCSB
53%
20 UC Davis
51%
13 UCSD
51%
43 University of Massachusetts
51%
50 Utah
49%
40 Rutgers
47%
41 Texas Tech
47%
45 Kansas State
45%
29 North Carolina State
45%
18 UC Irvine
45%
47 University of Connecticut
45%
27 Clemson
38%
19 Purdue
36%
31 Auburn
34%
37 Oklahoma State
34%
30 Pittsburgh
32%
33 UCF
30%
24 USF
23%
46 SUNY
21%
23 William & Mary
17%
21 FIU
15%
48 Cal Poly
13%
28 New Mexico Tech
9%
42 UAB
9%
No matching quizzes found
Score Distribution
Percent of People with Each Score
Percentile by Number Answered
Your Score History
You have not taken this quiz